02043naa a2200205 a 450000100080000000500110000800800410001902000190006010000180007924501400009726000090023752012280024665300260147465300270150065300220152765300290154965300190157865300200159777302200161711203112014-03-10 2011 bl uuuu u00u1 u #d aISSN 1983-48611 aFARIAS, J. G. aReflex??es sobre o planejamento de micro territ??rios no Brasilbestudo de caso de S??o Bonif??cio, SC - Brasil.h[electronic resource] c2011 aEste artigo foi elaborado a partir da seguinte indaga????o: Considerando a realidade brasileira, seria coerente aplicar a mesma estrat??gia de planejamento territorial para as ??reas de aglomera????o urbana que para a maioria das pequenas cidades, nas quais o dinamismo ?? ditado, essencialmente, pela vida e economia rural? Como estabelecer Pol??ticas P??blicas de Planejamento, Gest??o e Ordenamento Territorial dirigidas a uma popula????o eminentemente rural, quando sempre pensadas, estritamente, com base na realidade urbana? O artigo confronta os recentes marcos legais de pol??tica p??blica de planejamento do territ??rio ? a exemplo da Lei 10.257 de 10 de julho de 2001 ? com a experi??ncia do Plano Diretor de S??o Bonif??cio, SC - Brasil. Finaliza, avaliando que seriam necess??rias mudan??as de um planejamento quase sempre descontextualizado para um ?novo? planejamento, que seria aplicado para e a partir dos micro territ??rios; a constru????o desta alternativa exigiria dos t??cnicos, intelectuais, gestores p??blicos e a pr??pria comunidade um lento processo de negocia????o e amadurecimento coletivo para a devida concilia????o entre o processo de planejamento e a realidade social dos pequenos munic??pios. aDesenvolvimento rural aDesenvolvimento urbano aMicro Territ??rio aPlanejamento territorial aSanta Catarina aS??o Bonif??cio tIn: ENCONTRO NACIONAL DE GRUPOS DE PESQUISA - AGRICULTURA, DESENVOLVIMENTO E TRANSFORMA????ES SOCIOESPACIAIS, 6., 2011, Presidente Prudente, S??o Paulo. Anais... Presidente Prudente, SP: UNESP/GEDRA, 2011. p. 01-15.